Vzdelávanie v oblasti podnikania na Slovensku

Význam podnikateľského vzdelávania. Podpora podnikania na Slovensku zastrešená Ministerstvom hospodárstva SR. Podporné programy inštitúcií, agentúr a spolkov. Podnikanie marginalizovaných skupín. Podnikanie cudzincov. Postavenie SR v podnikateľskej konkurencieschopnosti.

Uložené v:
Podrobná bibliografia
Hlavný autor: Gajdová, Denisa, 1977-
Médium: Kapitola
Jazyk:Slovak
Predmet:
Tagy: Pridať tag
Žiadne tagy, Buďte prvý, kto otaguje tento záznam!

MARC

LEADER 00000naa$a2200000$$$4500
001 0209410
005 20240502073459.2
041 0 |a slo 
044 |a SK 
245 1 0 |a Vzdelávanie v oblasti podnikania na Slovensku  |c Denisa Gajdová 
520 |a Význam podnikateľského vzdelávania. Podpora podnikania na Slovensku zastrešená Ministerstvom hospodárstva SR. Podporné programy inštitúcií, agentúr a spolkov. Podnikanie marginalizovaných skupín. Podnikanie cudzincov. Postavenie SR v podnikateľskej konkurencieschopnosti. 
610 2 0 |a podnikanie 
610 2 0 |a podnikatelia 
610 2 0 |a vzdelávanie 
610 2 0 |a inštitúcie verejnoprávne 
610 2 0 |a agentúry 
610 2 0 |a konkurencieschopnosť 
100 1 |a Gajdová, Denisa, 1977-